000 00871nam a2200229 a 4500
008 120416s1971 ||||||||||||||||| || u
020 _a0416074502
050 _aGA 105 Mon
100 _aWilkinson, Henry Robert
245 1 0 _aMaps and diagrams: their compilation and construction
250 _a3rd ed. revised and enlarged.
260 _aLondon
_bMethuen
_c1971
300 _axxii, 522 p., 7 plates (2 fold.) illus., maps (some col.)
350 _a0.00
490 _aUniversity paperbacks
490 _v UP75
500 _a'Distributed in the U.S.A. by Barnes & Noble Inc.' -Includes bibliographical references.
650 _aGEOGRAPHY
650 _aCARTOGRAPHY
700 _aMonkhouse, Francis John
995 _D0.00
_FCBU-MAIN LIBRARY (Kitwe)
_H1
_I6.25
_M1
_UAVAILABLE
_ZMain Library Open Access Collection
999 _c50335
_d50335